Statistiques concernant Cyclisme : Qui a gagné les 3 Grand Tour !!!

Cliquez ici pour prendre le quiz!

Statistiques générales

  • Ce quiz a été pris 77 fois
  • Le résultat moyen est 6 sur 7

Statistiques - réponses

PaysPrénomNoms% Correct
🇪🇦AlbertoContador
97%
🇬🇧ChristopherFroome
96%
🇫🇷BernardHinault
95%
🇮🇹VincenzoNibali
95%
🇧🇪EddyMerckx
93%
🇫🇷JacquesAnquetil
86%
🇮🇹FeliceGimondi
38%

Distribution des résultats

Percentile par nombre de réponses

% des personnes avec chaque résultat

Votre développement - résultats

Vous n’avez pas pris ce quiz